|
|
|
|
| LEADER |
01531nam a2200397 a 4500 |
| 001 |
EBC1398622 |
| 003 |
MiAaPQ |
| 005 |
20200520144314.0 |
| 006 |
m o d | |
| 007 |
cr cn||||||||| |
| 008 |
130612s2014 nyu sb 000 0 eng d |
| 010 |
|
|
|z 2013942655
|
| 020 |
|
|
|z 9783319009834
|
| 020 |
|
|
|z 9783319009841 (e-book)
|
| 035 |
|
|
|a (MiAaPQ)EBC1398622
|
| 035 |
|
|
|a (Au-PeEL)EBL1398622
|
| 035 |
|
|
|a (CaPaEBR)ebr10738822
|
| 035 |
|
|
|a (CaONFJC)MIL516765
|
| 035 |
|
|
|a (OCoLC)856020320
|
| 040 |
|
|
|a MiAaPQ
|c MiAaPQ
|d MiAaPQ
|
| 050 |
|
4 |
|a HD87
|b .A87 2014
|
| 082 |
0 |
4 |
|a 330.9
|2 23
|
| 100 |
1 |
|
|a Assche, Kristof Van.
|
| 245 |
1 |
0 |
|a Evolutionary governance theory
|h [electronic resource] :
|b an introduction /
|c Kristof Van Assche, Raoul Beunen, Martijn Duineveld.
|
| 260 |
|
|
|a New York :
|b Springer,
|c 2014.
|
| 300 |
|
|
|a x, 95 p.
|
| 440 |
|
0 |
|a SpringerBriefs in economics,
|x 2191-5504
|
| 504 |
|
|
|a Includes bibliographical references.
|
| 505 |
0 |
|
|a pt. I. Introduction -- pt. II. Governance as evolution -- pt. III. Building blocks for evolutionary governance theory -- pt. IV. Applying EGT.
|
| 533 |
|
|
|a Electronic reproduction. Ann Arbor, MI : ProQuest, 2015. Available via World Wide Web. Access may be limited to ProQuest affiliated libraries.
|
| 650 |
|
0 |
|a Economic policy.
|
| 655 |
|
4 |
|a Electronic books.
|
| 700 |
1 |
|
|a Beunen, Raoul.
|
| 700 |
1 |
|
|a Duineveld, Martijn.
|
| 710 |
2 |
|
|a ProQuest (Firm)
|
| 856 |
4 |
0 |
|u https://ebookcentral.proquest.com/lib/matrademy/detail.action?docID=1398622
|z Click to View
|